NCAA D-I Baseball Teams - Statistics

General Stats
  • This quiz has been taken 40 times
    32 since last reset
  • The average score is 201 of 306
Answer Stats
Location Conf Answer % Correct
Miami, FL ACC Miami (FL)
100%
Oxford, OH MAC Miami (OH)
100%
Athens, Oh MAC Ohio
100%
Norman, OK SEC Oklahoma
100%
Berkeley, CA ACC California
94%
Charlotte, NC AAC Charlotte
94%
Durham, NC ACC Duke
94%
Gainesville, FL SEC Florida
94%
Athens, GA SEC Georgia
94%
Houston, Tx Big 12 Houston
94%
Urbana-Champaign, IL Big 10 Illinois
94%
Bloomington, IN Big 10 Indiana
94%
College Park, MD Big 10 Maryland
94%
Chapel Hill, NC ACC North Carolina
94%
Pittsburgh, PA ACC Pitt
94%
Princeton, NJ Ivy Princeton
94%
New Brunswick, NJ Big 10 Rutgers
94%
Huntsville, TX CUSA Sam Houston
94%
San Francisco, CA WCC San Francisco
94%
Charlottesville, VA ACC Virginia
94%
Blacksburg, VA ACC Virginia Tech
94%
Seattle, WA Big 10 Washington
94%
New Haven, CT Ivy Yale
94%
Tuscaloosa, AL SEC Alabama
88%
______, NY America East Albany
88%
Tucson, AZ Big 12 Arizona
88%
Binghamton, NY America East Binghamton
88%
Chestnut Hill, MA ACC Boston College
88%
Bowling Green, OH MAC Bowling Green
88%
Providence, RI Ivy Brown
88%
Clemson, SC ACC Clemson
88%
Newark, DE CUSA Delaware
88%
Tallahassee, FL ACC Florida State
88%
Washington, DC Atlantic 10 George Washington
88%
Cambridge, MA Ivy Harvard
88%
Iowa City, IA Big 10 Iowa
88%
Lawrence, KS Big 12 Kansas
88%
Louisville, KY ACC Louisville
88%
Baton Rouge, LA SEC LSU
88%
Orono, ME America East Maine
88%
Ann Arbor, MI Big 10 Michigan
88%
Minneapolis, MN Big 10 Minnesota
88%
Raliegh, NC ACC NC State
88%
Lincoln, NE Big 10 Nebraska
88%
Evanston, IL Big 10 Northwestern
88%
Stillwater, OK Big 12 Oklahoma State
88%
Eugene, OR Big 10 Oregon
88%
Philadelphia, PA Ivy Penn
88%
Richmond, VA Atlantic 10 Richmond
88%
Tampa, FL AAC South Florida
88%
Knoxville, TN SEC Tennessee
88%
Austin, TX SEC Texas
88%
College Station, TX SEC Texas A&M
88%
Lubbock, TX Big 12 Texas Tech
88%
New Orleans, LA AAC Tulane
88%
Los Angeles, CA Big 10 UCLA
88%
Lowell, MA America East UMass - Lowell
88%
Winston-Salem, NC ACC Wake Forest
88%
Morgantown, WV Big 12 West Virginia
88%
Tempe, AZ Big 12 Arizona State
81%
Fayetteville, AR SEC Arkansas
81%
Provo, UT Big 12 BYU
81%
Cincinnati, OH Big 12 Cincinnati
81%
New York, NY Ivy Columbia
81%
Ithaca, NY Ivy Cornell
81%
Boca Raton, FL AAC FAU
81%
Atlanta, GA ACC Georgia Tech
81%
Honolulu, HI * Big West Hawai'i
81%
Jacksonville, FL ASUN Jacksonville
81%
Manhattan, KS Big 12 Kansas State
81%
Brooklyn, NY Northeast Long Island
81%
Memphis, TN AAC Memphis
81%
East Lansing, MI Big 10 Michigan State
81%
Albuquerque, NM MWC New Mexico
81%
South Bend, IN ACC Notre Dame
81%
Columbus, OH Big 10 Ohio State
81%
Omaha, NE Summit League Omaha
81%
University Park, PA Big 10 Penn State
81%
Lafayette, IN Big 10 Purdue
81%
Houston, TX AAC Rice
81%
Columbia, SC SEC South Carolina
81%
Fort Worth, TX Big 12 TCU
81%
Toledo, OH MAC Toledo
81%
Orlando, CA Big 12 UCF
81%
Storrs, CT Big East UConn
81%
San Diego, CA + Big West UC San Diego
81%
Baltimore, MD America East UMBC
81%
Los Angeles, CA Big 10 USC
81%
Arlington, TX WAC UT Arlington
81%
San Antonio, TX AAC UTSA
81%
Nashville, TN SEC Vanderbilt
81%
Villanova, PA Big East Villanova
81%
Pullman, WA > MWC Washington State
81%
Wichita, KS AAC Wichita State
81%
Colorado Springs, CO MWC Air Force
75%
West Point, NY Patriot League Army
75%
Auburn, AL SEC Auburn
75%
Muncie, IN MAC Ball State
75%
Waco, TX Big 12 Baylor
75%
Smithfield, RI America East Bryant
75%
Fullerton, CA Big West Cal State Fullerton
75%
Charleston, SC Coastal Charleston
75%
Conway, SC Sun Belt Coastal Carolina
75%
Omaha, NE Big East Creighton
75%
Hanover, NH Ivy Dartmouth
75%
Greenville, NC AAC East Carolina
75%
Fairfield, CT Metro Atlantic Fairfield
75%
Miami, FL CUSA FIU
75%
High Point, NC Big South High Point
75%
Terre Haute, IN Missouri Valley Indiana State
75%
Kennesaw, GA CUSA Kennesaw State
75%
Lafayette, LA Sun Belt Louisiana
75%
Columbia, MO SEC Missouri
75%
Murray, KY Missouri Valley Murray State
75%
Annapolis, MD Patriot League Navy
75%
Newark, NJ America East NJIT
75%
Coravallis, OR Indpendent Oregon State
75%
South Kingstown, RI Atlantic 10 Rhode Island
75%
San Diego, CA WCC San Diego
75%
Palo Alto, CA ACC Stanford
75%
Queens, NY Big East St. John's
75%
St. Louis, MO Atlantic 10 St. Louis
75%
Towson, MD Coastal Towson
75%
Troy, AL Sun Belt Troy
75%
Birmingham, AL AAC UAB
75%
Davis, CA * Big West UC Davis
75%
Las Vegas, NV MWC UNLV
75%
Salt Lake City, UT Big 12 Utah
75%
_____, OH MAC Akron
69%
Jonesboro, AR Sun Belt Arkansas State
69%
Indianapolis, IN Big East Butler
69%
Bakersfield, CA Big West Cal State Bakersfield
69%
Northridge, CA Big West Cal State Northridge
69%
Mount Pleasant, MI MAC Central Michigan
69%
Davidson, NC Atlantic 10 Davidson
69%
Dayton, OH Atlantic 10 Dayton
69%
Elon, NC Coastal Elon
69%
Fresno, CA > MWC Fresno State
69%
Atlanta, GA Sun Belt Georgia State
69%
Phoenix, AZ MWC Grand Canyon
69%
Jacksonville, AL CUSA Jacksonville State
69%
Kent, OH MAC Kent State
69%
Lexington, KY SEC Kentucky
69%
Bethlehem, PA Patriot League Lehigh
69%
Reno, NV MWC Nevada
69%
Niagara, NY Metro Atlantic Niagara
69%
Norfolk, VA Northeast Norfolk State
69%
Oxford, MS SEC Ole Miss
69%
Baton Rouge, LA SWAC Southern
69%
Stony Brook, NY Coastal Stony Brook
69%
Corpus Christi, TX Southland TAMU-CC Texas A&M-Corpus Christi
69%
Irvine, CA Big West UC Irvine
69%
Asheville, NC Big South UNC - Asheville
69%
Greensboro, NC Southern UNC - Greensboro
69%
Valparaiso, IN Missouri Valley Valparaiso
69%
Kalamazoo, MI MAC Western Michigan
69%
Cincinnati, OH Big East Xavier
69%
Montgomery, AL SWAC Alabama State
63%
Lewisburg, PA Patriot League Bucknell
63%
Conway, AR ^ ASUN Central Arkansas
63%
Dover, DE Northeast Delaware State
63%
Richmond, KY ^ ASUN Eastern Kentucky
63%
Ypsilanti, MI MAC Eastern Michigan
63%
Evansville, IN Missouri Valley Evansville
63%
Statesboro, GA Sun Belt Georgia Southern
63%
Normal, IL Missouri Valley Illinois State
63%
Easton, PA Patriot League Lafayette
63%
Lynchburg, VA CUSA Liberty
63%
Little Rock, AR " Ohio Valley Little Rock
63%
Monroe, LA Sun Belt Louisiana Monroe
63%
Huntington, WV Sun Belt Marshall
63%
Milwaukee, WI Horizon Milwaukee
63%
Springfield, MO CUSA Missouri State
63%
Las Cruces, NM CUSA New Mexico State
63%
DeKalb, IL < MAC Northern Illinois
63%
Jacksonville, FL ASUN North Florida
63%
Norfolk, VA Sun Belt Old Dominion
63%
Portland, OR WCC Portland
63%
Charlotte, NC ASUN Queens Charlotte
63%
Radford, VA Big South Radford
63%
South Orange, NJ Big East Seton Hall
63%
Brookings, SC Summit League South Dakota State
63%
DeLand, FL ASUN Stetson
63%
Santa Barbara, CA Big West UC Santa Barbara
63%
Wilmington, NC Coastal UNC - Wilmington
63%
Bowling Green, KY CUSA Western Kentucky
63%
Youngstown, OH Horizon Youngstown State
63%
Pine Bluff, AR SWAC Arkansas Pine-Bluff
56%
Louisville, KY ASUN Bellarmine
56%
Nashville, TN Missouri Valley Belmont
56%
San Luis Obispo, CA Big West Cal Poly
56%
Charleston, SC Big South Charleston Southern
56%
Fort Myers, FL ASUN FGCU
56%
Hempstead, NY Coastal Hofstra
56%
Houston, TX Southland Houston Christian
56%
Beaumont, TX Southland Lamar
56%
Long Beach, CA Big West Long Beach State
56%
Ruston, LA *** CUSA Louisiana Tech
56%
Macon, GA Southern Mercer
56%
Erie, PA Northeast Mercyhurst
56%
North Andover, MA Metro Atlantic Merrimack
56%
New Haven, CT Northeast New Haven
56%
Florence, AL ^ ASUN North Alabama
56%
Fargo, ND Summit League North Dakota State
56%
Brookline, MA Coastal Northeastern
56%
Highland Heights, KY Horizon Northern Kentucky
56%
Township, NJ Atlantic 10 Rider
56%
Sacramento, CA % WAC Sacramento State
56%
Fairfield, CT Metro Atlantic Sacred Heart
56%
Santa Clara, CA WCC Santa Clara
56%
Cape Girardeau, MO Ohio Valley Southeast Missouri
56%
Carbondale, IL Missouri Valley Southern Illinois
56%
Hattiesburg, MS Sun Belt Southern Miss
56%
Cookeville, TN $ Ohio Valley Tennessee Tech
56%
San Marcos, TX > Sun Belt Texas State
56%
Orem, UT WAC Utah Valley
56%
Richmond, VA Atlantic 10 VCU
56%
Staten Island, NY Northeast Wagner
56%
Williamsburg, VA Coastal William & Mary
56%
Dayton, OH Horizon Wright State
56%
Abilene, TX WAC Abilene Christian
50%
Huntsville, AL SWAC Alabama A&M
50%
Lorman, MS SWAC Alcorn State
50%
Boone, NC Sun Belt App State
50%
Clarksville, TN ^ ASUN Austin Peay
50%
Daytona Beach, FL SWAC Bethune-Cookman
50%
Peoria, IL Missouri Valley Bradley
50%
Buies Creek, NC Coastal Campbell
50%
New Britain, CT Northeast Central Connecticut State
50%
Washington, DC Atlantic 10 Georgetown
50%
Spokane, WA > WCC Gonzaga
50%
Grambling, LA SWAC Grambling State
50%
Jackson, MS SWAC Jackson State
50%
Harrisonburg, VA Sun Belt James Madison
50%
St. Charles, MO Ohio Valley Lindenwood
50%
Bronx, NY Metro Atlantic Manhattan
50%
Lake Charles, LA Southland McNeese
50%
Murfreesboro, TN CUSA Middle Tennessee State
50%
Morehead, KY Ohio Valley Morehead State
50%
New Orleans, LA Southland New Orleans
50%
Greely, CO Summit League Northern Colorado
50%
Rochester, Mi Horizon Oakland
50%
Tulsa, OK Summit League Oral Roberts
50%
Prairie View, TX SWAC Prairie View A&M
50%
Seattle, WA WCC Seattle U
50%
Edwardsville, IL Ohio Valley SIUE
50%
Mobile, AL Sun Belt South Alabama
50%
Allegany, NY Atlantic 10 St. Bonaventure
50%
Moraga, CA WCC St. Mary's
50%
Jersey City, NJ Metro Atlantic St. Peter's
50%
Charleston, SC Southern The Citadel
50%
Chicago, IL Missouri Valley UIC
50%
Spartanburg, SC Big South USC - Upstate
50%
St. George, UT WAC Utah Tech
50%
Martin, TN Ohio Valley UT Martin
50%
Carrollton, GA ^ ASUN West Georgia
50%
Buffalo, NY Metro Atlantic Canisius
44%
Baltimore, MD Northeast Coppin State
44%
Tallahassee, FL SWAC Florida A&M
44%
Bronx, NY Atlantic 10 Fordham
44%
Fairfax, VA Atlantic 10 George Mason
44%
San Antonio, TX Southland Incarnate Word
44%
New Rochelle, NY Metro Atlantic Iona
44%
Farmville, VA Big South Longwood
44%
West Long Branch, NJ Coastal Monmouth
44%
Emmitsburg, MD Metro Atlantic Mount St. Mary's
44%
Natchitoches, LA Southland Northwestern State
44%
Malibu, CA WCC Pepperdine
44%
Birmingham, AL Southern Samford
44%
Loudonville, NY Metro Atlantic Siena
44%
Philadelphia, PA Atlantic 10 St. Joseph's
44%
St. Paul, MN Summit League St. Thomas
44%
Houston, TX SWAC Texas Southern
44%
Spartanburg, SC Southern Wofford
44%
Riverside, CA % WAC California Baptist
38%
Charleston, IL Ohio Valley Eastern Illinois
38%
Johnson City, TN Southern East Tennessee State
38%
Teaneck, NJ Northeast Fairleigh Dickinson
38%
Syracuse, NY Northeast Le Moyne
38%
Los Angeles, CA WCC Loyola Marymount
38%
Dutchess County, NY Metro Atlantic Marist
38%
Princess Anne, MD Northeast Maryland-Eastern Shore
38%
Thibodaux, LA Southland Nicholls State
38%
Clinton, SC Big South Presbyterian
38%
San Diego, CA > MWC SDSU
38%
Evansville, IN Ohio Valley Southern Indiana
38%
Brownsville, TX Southland UTRGV
38%
Lexington City, VA Southern VMI
38%
Macomb, IL Ohio Valley Western Illinois
38%
Dallas, TX > CUSA Dallas Baptist
31%
Boiling Springs, NC Big South Gardner-Webb
31%
Worcester, MA Patriot League Holy Cross
31%
Philadelphia, PA Atlantic 10 La Salle
31%
Starkville, MS SEC Miss State
31%
Bena, MS SWAC Miss Valley State
31%
Greensboro, NC Coastal NC A&T
31%
Stockton, CA WCC Pacific
31%
Hammond, LA Southland Southeastern Louisiana
31%
North Easton, MA Northeast Stonehill
31%
Stephenville, TX WAC Tarleton State
31%
Cullowhee, NC Southern Western Carolina
31%
Rock Hill, SC Big South Winthrop
31%
Hamden, CT Metro Atlantic Quinnipiac
19%
Nacogdoches, TX Southland Stephen F. Austin (SFA)
19%
Nashville, TN ASUN Lipscomb
13%
San Jose, CA WCC SJSU
6%
No matching quizzes found
Score Distribution
Percent of People with Each Score
Percentile by Number Answered
Your Score History
You have not taken this quiz since the last reset